Report. (Record no. 85301)

MARC details
000 -LEADER
fixed length control field 00809cam a2200241 4500
001 - CONTROL NUMBER
control field sa 68013732
003 - CONTROL NUMBER IDENTIFIER
control field DLC
005 - DATE AND TIME OF LATEST TRANSACTION
control field 20260227112624.0
008 - FIXED-LENGTH DATA ELEMENTS--GENERAL INFORMATION
fixed length control field 691209s1968 ii 000 0 eng
010 ## - LIBRARY OF CONGRESS CONTROL NUMBER
LC control number sa 68013732
025 ## - OVERSEAS ACQUISITION NUMBER
Overseas acquisition number PL480:I-E-10361
040 ## - CATALOGING SOURCE
Original cataloging agency DLC
Transcribing agency DLC
Modifying agency DLC
050 00 - LIBRARY OF CONGRESS CALL NUMBER
Classification number HD9526.I62
Item number A52
082 00 - DEWEY DECIMAL CLASSIFICATION NUMBER
Classification number 382/.45/672
110 1# - MAIN ENTRY--CORPORATE NAME
Corporate name or jurisdiction name as entry element India (Republic).
Subordinate unit Committee of Inquiry (Steel Transactions)
245 00 - TITLE STATEMENT
Title Report.
260 ## - PUBLICATION, DISTRIBUTION, ETC.
Place of publication, distribution, etc. New Delhi
Name of publisher, distributor, etc. [Manager of Publications]
Date of publication, distribution, etc. 1968.
300 ## - PHYSICAL DESCRIPTION
Extent 2 v. in 1.
Dimensions 20 cm.
350 ## - PRICE (NR) (BK AM CF MU VM SE) [OBSOLETE]
Price 8.25
-- ($2.97) (v. 1)
-- 10.00
-- ($3.60) (v. 2)
500 ## - GENERAL NOTE
General note Vol. [2] comprising appendices, has imprint Dept. of Iron & Steel, Govt. of India, New Delhi.
650 #0 - SUBJECT ADDED ENTRY--TOPICAL TERM
Topical term or geographic name entry element Steel industry and trade
Geographic subdivision India.
710 1# - ADDED ENTRY--CORPORATE NAME
Corporate name or jurisdiction name as entry element India (Republic).
Subordinate unit Department of Iron and Steel.

No items available.

Powered by Koha